Từ câu sai đến câu hay

সংরক্ষণ করুন:
গ্রন্থ-পঞ্জীর বিবরন
প্রধান লেখক: Nguyễn, Đức Dân
বিন্যাস: গ্রন্থ
ভাষা:Vietnamese
প্রকাশিত: TP. Hồ Chí Minh Trẻ 2013
মালা:Tiếng Việt giàu đẹp
বিষয়গুলি:
ট্যাগগুলো: ট্যাগ যুক্ত করুন
কোনো ট্যাগ নেই, প্রথমজন হিসাবে ট্যাগ করুন!
Thư viện lưu trữ: Trung tâm Học liệu Lê Vũ Hùng, Trường Đại học Đồng Tháp
LEADER 00904pam a22003378a 4500
001 00031532
005 20171026081025.0
008 131219s2013 ||||||viesd
020 |c 110000 
041 0 # |a vie 
082 1 4 |a 495.922 5  |b T550C 
100 0 # |a Nguyễn, Đức Dân 
245 0 0 |a Từ câu sai đến câu hay  |c Nguyễn Đức Dân 
260 # # |a TP. Hồ Chí Minh  |b Trẻ  |c 2013 
300 # # |a 436 tr.  |c 20 cm. 
490 # # |a Tiếng Việt giàu đẹp 
653 # # |a Câu 
653 # # |a Ngôn ngữ 
653 # # |a Tiếng Việt 
852 # # |b Kho mượn  |j KM.0016436 
852 # # |b Kho đọc  |j KD.0015173 
852 # # |j KD.0015173  |j KM.0016436 
910 |d 19/12/2013 
980 # # |a Trung tâm Học liệu Lê Vũ Hùng, Trường Đại học Đồng Tháp